Cities and countries - Statistics

General Stats
  • This quiz has been taken 34 times
  • The average score is 16 of 30
Answer Stats
City Country % Correct
Odessa Ukraine
94%
Dubrovnik Croatia
91%
Marrakesh Morocco
82%
Poznan Poland
82%
Belem Brazil
79%
Voronezh Russia
76%
Hefei China
70%
Barranquilla Colombia
67%
Vadodara India
67%
Tabriz Iran
64%
Valjevo Serbia
64%
Tetovo Macedonia
61%
Valparaiso Chile
58%
Turku Finland
58%
Molde Norway
58%
Angers France
55%
Palembang Indonesia
55%
Viborg Denmark
52%
Chiclayo Peru
52%
Dammam Saudi Arabia
52%
Maracay Venezuela
52%
Cebu Philippines
42%
Jihlava Czech Republic
39%
Aarau Switzerland
39%
Cotonou Benin
21%
Nakuru Kenya
18%
Balkanabat Turkmenistan
15%
Bassar Togo
12%
Punakha Bhutan
9%
Bobo-Dioulasso Burkina Faso
9%
No matching quizzes found
Score Distribution
Percent of People with Each Score
Percentile by Number Answered
Your Score History
You have not taken this quiz